Central Library OPAC University of Rajshahi

দন্ডবিধির ভাষ্য / (Record no. 74225)

MARC details
000 -LEADER
fixed length control field 01233nam a2200253 a 4500
001 - CONTROL NUMBER
control field 74225
003 - CONTROL NUMBER IDENTIFIER
rucl marc code BD-RjUL
005 - DATE AND TIME OF LATEST TRANSACTION
control field 20211209082521.0
008 - FIXED-LENGTH DATA ELEMENTS--GENERAL INFORMATION
fixed length control field 180409r20162001bg ||||| |||| 000 0 ben d
020 ## - INTERNATIONAL STANDARD BOOK NUMBER
International Standard Book Number 9844380421
Terms of availability Tk.2000.00
035 ## - SYSTEM CONTROL NUMBER
System control number (BD-RjUL)74443
040 ## - CATALOGING SOURCE
Original cataloging agency BD-RjUL
Language of cataloging eng
Transcribing agency BD-RjUL
041 ## - LANGUAGE CODE
Language code of text/sound track or separate title ben
082 ## - DEWEY DECIMAL CLASSIFICATION NUMBER
Edition number 23
Classification number 345.549202632
Author mark and year RAD 2016
100 ## - MAIN ENTRY--PERSONAL NAME
Personal name রহমান, গাজী শামছুর
9 (RLIN) 221018
245 10 - TITLE STATEMENT
Title দন্ডবিধির ভাষ্য /
Statement of responsibility, etc. গাজী শামছুর রহমান
250 ## - EDITION STATEMENT
Edition statement সংশোধিত ,পরিবর্তিত ও পরিবর্ধিত নতুন সংস্করণ ২০০৮
260 ## - PUBLICATION, DISTRIBUTION, ETC. (IMPRINT)
Place of publication, distribution, etc. ঢাকা :
Name of publisher, distributor, etc. খোশরোজ কেতাব মহল ,
Date of publication, distribution, etc. ২০০৮ [পুনর্মুদ্রণ ২০১৬]
300 ## - PHYSICAL DESCRIPTION
Pagination [৮০], ৮৩২ পৃ. ;
Size ২৫ সেমি.
505 ## - FORMATTED CONTENTS NOTE
Formatted contents note [১৯৬০ সনের ৪৫ নং আইন] [অক্টোবর ৬, ১৮৬০] [উচ্চতর আদালতের সিদ্ধান্তসহ]
650 ## - SUBJECT ADDED ENTRY--TOPICAL TERM
Topical term or geographic name as entry element দন্ডবিধি আইন
Geographic subdivision বাংলাদেশ
9 (RLIN) 143368
Topical term or geographic name as entry element Criminal Law
Geographic subdivision Bangladesh
9 (RLIN) 221019
942 ## - ADDED ENTRY ELEMENTS (KOHA)
Source of classification or shelving scheme Dewey Decimal Classification
Koha item type Books
Holdings
Lost status Source of classification or shelving scheme Damaged status Not for loan Collection code Permanent Location Current Location Shelving location Date acquired Source of acquisition Cost, normal purchase price Total Checkouts Full call number Date last seen Copy number Koha item type
  Dewey Decimal Classification   Not For Loan Non-fiction Central Library, University of Rajshahi Central Library, University of Rajshahi Reading Room 03/07/2017 Rajshahi Ureka Book 2000.00   B 345.549202632 RAD 2016 09/04/2018 C-1 Books